[Event "POR-ch U14/20"]
[Site "Fatima"]
[Date "2022.04.11"]
[Round "2"]
[White "Sousa, Ricardo Miguel Mora"]
[Black "Gomes, Estevao Manuel"]
[Result "1/2-1/2"]
[WhiteElo "2077"]
[BlackElo "2047"]
[PlyCount "67"]
[EventDate "2022.04.10"]
[EventType "swiss"]
[EventRounds "9"]
[EventCountry "POR"]
[SourceTitle "EXT 2023"]
[Source "ChessBase"]
[SourceDate "2022.10.05"]
[SourceVersion "1"]
[SourceVersionDate "2022.10.05"]
[SourceQuality "1"]

1. d4 Nf6 2. Nf3 g6 3. Bf4 Bg7 4. e3 0-0 5. Be2 d6 6. h3 Nbd7 7. 0-0 b6 8. a4 Bb7 9. a5 bxa5 10. Rxa5 c5 11. Ra3 a5 12. Nbd2 Nd5 13. Bh2 Ba6 14. c3 Qc7 15. Bxa6 Rxa6 16. Qa1 Rfa8 17. Qa2 N5b6 18. Ng5 c4 19. b3 h6 20. Ngf3 cxb3 21. Qxb3 a4 22. Qa2 Ra5 23. c4 Qc6 24. Rc1 Rc8 25. Qc2 e5 26. Qc3 Qa8 27. Qb4 Ra7 28. Ra2 Rc6 29. Nb1 Rac7 30. Na3 Qc8 31. Rac2 Rb7 32. Qd2 e4 33. Ne1 Bf8 34. Rc3 1/2-1/2

[Event "POR-chT"]
[Site "Porto"]
[Date "2015.08.19"]
[Round "5.2"]
[White "Getz, Nicolai"]
[Black "Sousa, Ricardo Miguel Mora"]
[Result "1-0"]
[WhiteElo "2386"]
[BlackElo "2091"]
[PlyCount "117"]
[EventDate "2015.08.16"]
[EventType "team-tourn"]
[EventRounds "9"]
[EventCountry "POR"]
[SourceTitle "EXT 2016"]
[Source "ChessBase"]
[SourceDate "2015.10.08"]
[SourceVersion "1"]
[SourceVersionDate "2015.10.08"]
[SourceQuality "1"]
[WhiteTeam "Mata de Benfica"]
[BlackTeam "Santoantoniense"]
[WhiteTeamCountry "POR"]
[BlackTeamCountry "POR"]

1. e4 d6 2. d4 Nf6 3. Nc3 g6 4. f4 Bg7 5. Nf3 0-0 6. Bd3 Na6 7. 0-0 c5 8. d5 Bg4 9. Bc4 Nc7 10. a4 b6 11. Qe1 a6 12. Qh4 Bxf3 13. Rxf3 b5 14. axb5 axb5 15. Rxa8 Qxa8 16. Nxb5 Nxb5 17. Bxb5 Qa1 18. Rf1 Nxe4 19. c3 Nf6 20. Bc6 Qa2 21. Rd1 Qb3 22. Qe1 Ne4 23. Rd3 f5 24. Qd1 Qb6 25. Rf3 e5 26. Qe2 Rb8 27. fxe5 Bxe5 28. Rf1 c4+ 29. Kh1 Qd8 30. Kg1 Qh4 31. g3 Qh3 32. Qg2 Qg4 33. Ba4 Nf6 34. Re1 Rb3 35. Bxb3 cxb3 36. Qe2 Qxe2 37. Rxe2 Nxd5 38. Kf2 Kf7 39. Kf3 Ke6 40. Be3 Ne7 41. Re1 Nc6 42. Ra1 Kd5 43. Ke2 Kc4 44. Bd2 d5 45. Ra4+ Kb5 46. Rh4 h5 47. Kd3 Na5 48. Rb4+ Kc5 49. Be3+ d4 50. Bxd4+ Bxd4 51. Rxd4 Nc6 52. Ra4 Ne5+ 53. Ke2 Nc4 54. Rb4 Nxb2 55. Rxb3 Na4 56. Kd3 Kc6 57. Kd4 Nc5 58. Rb2 Ne6+ 59. Ke5 1-0

[Event "POR-chT 52nd"]
[Site "Vila Nova de Gaia"]
[Date "2010.07.31"]
[Round "8.4"]
[White "Sousa, Ricardo Miguel Mora"]
[Black "Suarez Real, Alberto"]
[Result "1-0"]
[WhiteElo "2112"]
[BlackElo "2395"]
[PlyCount "81"]
[EventDate "2010.07.24"]
[EventType "team-tourn"]
[EventRounds "9"]
[EventCountry "POR"]
[SourceTitle "EXT 2011"]
[Source "ChessBase"]
[SourceDate "2010.11.26"]
[SourceVersion "1"]
[SourceVersionDate "2010.11.26"]
[SourceQuality "1"]
[WhiteTeam "Santoantoniense"]
[BlackTeam "Diana"]
[WhiteTeamCountry "POR"]
[BlackTeamCountry "POR"]

1. Nf3 Nf6 2. g3 g6 3. Bg2 Bg7 4. 0-0 0-0 5. d3 d6 6. Nbd2 c5 7. e4 Nc6 8. Nh4 Rb8 9. f4 Bg4 10. Nhf3 b5 11. h3 Bxf3 12. Nxf3 Nd7 13. g4 a5 14. c3 b4 15. c4 Nd4 16. Nh2 b3 17. a3 Nc2 18. Rb1 Nb6 19. g5 Na4 20. Qf3 f5 21. gxf6 Bxf6 22. f5 Kh8 23. Kh1 Nd4 24. Qd1 gxf5 25. exf5 Nb6 26. Bh6 Bg7 27. Bxg7+ Kxg7 28. Qh5 Nd7 29. Bd5 Kh8 30. Ng4 Nf6 31. Nxf6 Rxf6 32. Bf7 Qf8 33. Bg6 Qg7 34. Rg1 e6 35. Rbf1 Rbf8 36. Rf4 Qb7+ 37. Rg2 exf5 38. Rh4 Rxg6 39. Qxg6 Nf3 40. Qxd6 Qb8 41. Qe7 1-0

[Event "POR-chT 52nd"]
[Site "Vila Nova de Gaia"]
[Date "2010.07.30"]
[Round "7.7"]
[White "Cruz, Paulo A Pereira"]
[Black "Sousa, Ricardo Miguel Mora"]
[Result "1-0"]
[WhiteElo "2112"]
[BlackElo "2112"]
[PlyCount "87"]
[EventDate "2010.07.24"]
[EventType "team-tourn"]
[EventRounds "9"]
[EventCountry "POR"]
[SourceTitle "EXT 2011"]
[Source "ChessBase"]
[SourceDate "2010.11.26"]
[SourceVersion "1"]
[SourceVersionDate "2010.11.26"]
[SourceQuality "1"]
[WhiteTeam "Alekhine"]
[BlackTeam "Santoantoniense"]
[WhiteTeamCountry "POR"]
[BlackTeamCountry "POR"]

1. d3 g6 2. g3 Nf6 3. Bg2 Bg7 4. Nc3 0-0 5. e4 d6 6. Nge2 e5 7. h3 c6 8. Bg5 Nbd7 9. Qd2 Qc7 10. 0-0 b5 11. Bh6 a6 12. Bxg7 Kxg7 13. f4 Bb7 14. g4 Rad8 15. Ng3 d5 16. g5 Ne8 17. f5 Nd6 18. f6+ Kh8 19. h4 b4 20. Nd1 dxe4 21. dxe4 Nc5 22. Qxb4 Ne6 23. Nf2 Nf4 24. Qc5 Nb5 25. Rad1 Nd4 26. c3 Nde6 27. Qe7 Rxd1 28. Rxd1 Qb6 29. Rd2 a5 30. Kh2 Ba6 31. Ng4 Bc8 32. Nh6 Qe3 33. Nxf7+ Kg8 34. Nh6+ Kh8 35. Rc2 Nh5 36. Nxh5 gxh5 37. Nf5 Qf4+ 38. Kg1 Rd8 39. Nd6 Qxh4 40. Rf2 Rf8 41. Nxc8 Qxg5 42. Qxe6 Qc1+ 43. Kh2 Rg8 44. Qxe5 1-0

[Event "POR-chT 52nd"]
[Site "Vila Nova de Gaia"]
[Date "2010.07.28"]
[Round "5.3"]
[White "Camacho Collados, Marcos"]
[Black "Sousa, Ricardo Miguel Mora"]
[Result "1-0"]
[WhiteElo "2292"]
[BlackElo "2112"]
[PlyCount "105"]
[EventDate "2010.07.24"]
[EventType "team-tourn"]
[EventRounds "9"]
[EventCountry "POR"]
[SourceTitle "EXT 2011"]
[Source "ChessBase"]
[SourceDate "2010.11.26"]
[SourceVersion "1"]
[SourceVersionDate "2010.11.26"]
[SourceQuality "1"]
[WhiteTeam "Faro"]
[BlackTeam "Santoantoniense"]
[WhiteTeamCountry "POR"]
[BlackTeamCountry "POR"]

1. e4 d6 2. d4 Nf6 3. Nc3 g6 4. Nf3 Bg7 5. h3 0-0 6. Be3 Nbd7 7. a4 e5 8. dxe5 dxe5 9. a5 Qe7 10. Qb1 c6 11. b4 Nh5 12. Bc4 Nf4 13. 0-0 Qf6 14. h4 a6 15. Rd1 h6 16. Rd2 Re8 17. Na4 Nf8 18. Nb6 Bg4 19. Nh2 Qxh4 20. Nxa8 Rxa8 21. Nxg4 Qxg4 22. Bxf4 exf4 23. Ra3 Re8 24. Rad3 Qh4 25. Rh3 Qf6 26. Qe1 g5 27. Qe2 Ng6 28. Rd7 Re7 29. Rxe7 Qxe7 30. c3 Ne5 31. Bb3 Qf6 32. g3 Ng6 33. Qc4 Ne5 34. Qe2 g4 35. Rh5 fxg3 36. fxg3 Nf3+ 37. Kg2 Qxc3 38. Qa2 Ng5 39. Bd1 Nxe4 40. Qe2 Qxg3+ 41. Kf1 Qf4+ 42. Kg2 f5 43. Rh1 Kh7 44. Bc2 Ng3 45. Qd3 Ne4 46. Rf1 Qe5 47. Qe3 Qb2 48. Qe2 Qe5 49. Rxf5 Qg3+ 50. Kf1 Qh3+ 51. Ke1 Bc3+ 52. Kd1 Kg7 53. Qxe4 1-0

[Event "Wch U20"]
[Site "Gaziantep"]
[Date "2008.08.14"]
[Round "12"]
[White "Sousa, Ricardo Miguel Mora"]
[Black "Kjartansson, Gudmundur"]
[Result "1/2-1/2"]
[WhiteElo "2133"]
[BlackElo "2328"]
[PlyCount "121"]
[EventDate "2008.08.03"]
[EventType "swiss"]
[EventRounds "13"]
[EventCountry "TUR"]
[SourceTitle "CBM 125 Extra"]
[Source "ChessBase"]
[SourceDate "2008.09.01"]
[SourceVersion "1"]
[SourceVersionDate "2008.09.01"]
[SourceQuality "1"]

1. Nf3 Nf6 2. g3 d5 3. Bg2 c6 4. 0-0 Bg4 5. d3 Nbd7 6. Nbd2 e5 7. e4 Bd6 8. Qe2 Qc7 9. a3 h6 10. b3 dxe4 11. dxe4 b5 12. Bb2 0-0 13. Rac1 a5 14. Rfe1 Rfe8 15. h3 Be6 16. Nh4 a4 17. b4 Nb6 18. Qf3 Rad8 19. Nf5 Bf8 20. Rcd1 Nh7 21. h4 c5 22. c3 cxb4 23. cxb4 Qc2 24. Qc3 Qxc3 25. Bxc3 Rd3 26. Nb1 Rxd1 27. Rxd1 Nc4 28. Bf1 Nf6 29. f3 g6 30. Bxc4 Bxc4 31. Ne3 Be2 32. Re1 Bxf3 33. Nd2 Bh5 34. Rf1 Ng4 35. Nd5 Rc8 36. Nb1 Rc4 37. Nd2 Rc6 38. Nb1 Bd6 39. Ba1 Rc2 40. Nbc3 Nh2 41. Rf2 Nf3+ 42. Kg2 Kf8 43. Rxc2 Ne1+ 44. Kf2 Nxc2 45. Nxb5 Bb8 46. Bb2 Bg4 47. Nb6 Ke7 48. Nxa4 Bd7 49. Nac3 Ke6 50. Bc1 h5 51. Be3 f5 52. Bc5 fxe4 53. a4 Bc8 54. Nxe4 Kd5 55. Nd2 Bf5 56. Nc3+ Kc6 57. Nde4 Bxe4 58. Nxe4 Kd5 59. Nf6+ Ke6 60. Ne4 Kd5 61. Nf6+ 1/2-1/2

[Event "Wch U20"]
[Site "Gaziantep"]
[Date "2008.08.04"]
[Round "3"]
[White "Sousa, Ricardo Miguel Mora"]
[Black "Ozdover, Mustafa Berkay"]
[Result "1/2-1/2"]
[WhiteElo "2133"]
[BlackElo "1768"]
[PlyCount "117"]
[EventDate "2008.08.03"]
[EventType "swiss"]
[EventRounds "13"]
[EventCountry "TUR"]
[SourceTitle "CBM 125 Extra"]
[Source "ChessBase"]
[SourceDate "2008.09.01"]
[SourceVersion "1"]
[SourceVersionDate "2008.09.01"]
[SourceQuality "1"]

1. Nf3 f5 2. g3 d6 3. Bg2 e5 4. d3 Nf6 5. 0-0 Nc6 6. Nbd2 h6 7. Nh4 Ne7 8. c4 g5 9. Nhf3 Bg7 10. Rb1 a5 11. b3 Ng6 12. Bb2 g4 13. Ne1 h5 14. f3 h4 15. Rf2 hxg3 16. hxg3 f4 17. Nf1 Nh5 18. e3 fxg3 19. Rd2 Qg5 20. Qe2 0-0 21. d4 Nh4 22. dxe5 dxe5 23. Rbd1 gxf3 24. Nxf3 Nxf3+ 25. Bxf3 Nf6 26. Qg2 Nh5 27. Bxb7 Bxb7 28. Qxb7 Rac8 29. Qg2 Rf7 30. Rd7 Rcf8 31. Rxf7 Rxf7 32. Rd2 Bf8 33. Qe4 Qf6 34. Qg4+ Ng7 35. Nxg3 Bc5 36. Re2 Bxe3+ 37. Kg2 Bf4 38. Nh5 Qc6+ 39. Kg1 Qb6+ 40. Kg2 Qh6 41. Nxf4 Rxf4 42. Qc8+ Kh7 43. Qh3 Rh4 44. Qg3 Rh5 45. Qd3+ Rf5 46. Kg1 e4 47. Qd4 Rg5+ 48. Rg2 Rxg2+ 49. Kxg2 Qg5+ 50. Kf2 Qf4+ 51. Ke1 Nf5 52. Qf2 Qg4 53. Bc1 Kg6 54. Qf4 Qg1+ 55. Qf1 Qg3+ 56. Qf2 Qc3+ 57. Qd2 Qg3+ 58. Qf2 Qc3+ 59. Qd2 1/2-1/2

[Event "POR-ch prel"]
[Site "Lisbon"]
[Date "2007.08.18"]
[Round "8"]
[White "Sousa, Ricardo Miguel Mora"]
[Black "Reis, Luis Sousa"]
[Result "0-1"]
[WhiteElo "2091"]
[BlackElo "2215"]
[PlyCount "72"]
[EventDate "2007.08.11"]
[EventType "swiss"]
[EventRounds "9"]
[EventCountry "POR"]
[SourceTitle "EXT 2022"]
[Source "ChessBase"]
[SourceDate "2021.10.06"]
[SourceVersion "1"]
[SourceVersionDate "2021.10.06"]
[SourceQuality "1"]

1. Nf3 d5 2. g3 Nc6 3. Bg2 e5 4. d3 Bg4 5. Nbd2 Qd7 6. c3 f5 7. Qa4 Nf6 8. b4 Bd6 9. e3 0-0 10. Qb3 e4 11. dxe4 fxe4 12. Nd4 Nxd4 13. exd4 Bh3 14. 0-0 Kh8 15. Qd1 Rf7 16. f3 Raf8 17. fxe4 Bxg2 18. Kxg2 Ng4 19. Rxf7 Rxf7 20. Nf1 Nf2 21. Qh5 Nxe4 22. Be3 Rf5 23. Qe2 Nxc3 24. Qb2 Ne4 25. a3 h5 26. Qe2 Qe8 27. Rc1 Qg6 28. Kh1 Rf8 29. Qg2 Qg4 30. Nd2 Nxd2 31. Qxd2 h4 32. gxh4 Qe4+ 33. Kg1 Qxh4 34. Qg2 Rf5 35. Kh1 Rh5 36. Rc2 Bxh2 0-1

[Event "Barreiro op 12th"]
[Site "Lisbon"]
[Date "2006.12.03"]
[Round "4"]
[White "Sukhov, Andrey"]
[Black "Sousa, Ricardo Miguel Mora"]
[Result "1-0"]
[WhiteElo "2168"]
[BlackElo "2069"]
[PlyCount "93"]
[EventDate "2006.11.29"]
[EventType "swiss"]
[EventRounds "6"]
[EventCountry "POR"]
[SourceTitle "EXT 2022"]
[Source "ChessBase"]
[SourceDate "2021.10.06"]
[SourceVersion "1"]
[SourceVersionDate "2021.10.06"]
[SourceQuality "1"]

1. e4 d6 2. d4 Nf6 3. Nc3 g6 4. Be3 c6 5. Qd2 Nbd7 6. f3 Qa5 7. g4 h5 8. g5 Ng8 9. f4 Bg7 10. Nf3 e6 11. Bd3 Ne7 12. 0-0 d5 13. exd5 cxd5 14. Rae1 0-0 15. Kh1 Nc6 16. Qg2 Nb6 17. Ne5 Nxe5 18. fxe5 Qb4 19. Nb5 Nc4 20. Bxc4 dxc4 21. Nd6 Bd7 22. c3 Qa4 23. Kg1 Bc6 24. Qe2 b5 25. Rf4 Rad8 26. Ref1 Rxd6 27. exd6 Qa6 28. Bf2 Ba8 29. Bg3 Qc6 30. R4f3 Qd7 31. Re3 Qc6 32. Kf2 b4 33. Ke1 bxc3 34. bxc3 Rb8 35. Qc2 Rb7 36. Kd2 Qd5 37. Rb1 Bxd4 38. cxd4 Qxd4+ 39. Ke2 Rxb1 40. Qxb1 Bc6 41. Be5 Qg4+ 42. Kd2 Qg2+ 43. Kc3 Bb7 44. d7 Qd5 45. d8Q+ Qxd8 46. Qxb7 Qa5+ 47. Qb4 1-0

[Event "Lisbon Absoluto AXS op"]
[Site "Lisbon"]
[Date "2006.??.??"]
[Round "6"]
[White "Emidio, Sergio"]
[Black "Sousa, Ricardo Miguel Mora"]
[Result "0-1"]
[WhiteElo "1848"]
[BlackElo "1950"]
[PlyCount "40"]
[EventDate "2006.??.??"]
[EventType "swiss"]
[EventRounds "9"]
[EventCountry "POR"]
[SourceTitle "EXT 2008"]
[Source "ChessBase"]
[SourceDate "2007.11.25"]
[SourceVersion "1"]
[SourceVersionDate "2007.11.25"]
[SourceQuality "1"]

1. e4 d6 2. d4 Nf6 3. Nc3 g6 4. Nge2 Bg7 5. Ng3 Nbd7 6. Bd3 e5 7. d5 a5 8. 0-0 0-0 9. Be3 Ne8 10. Qd2 Nc5 11. Bxc5 dxc5 12. Rad1 f5 13. exf5 gxf5 14. f4 e4 15. Bc4 Nd6 16. Be2 Bd4+ 17. Kh1 Rf6 18. Nb5 Nxb5 19. Bxb5 Rh6 20. Ne2 Rxh2+ 0-1

[Event "Lisbon Absoluto AXS op"]
[Site "Lisbon"]
[Date "2006.??.??"]
[Round "4"]
[White "Sousa, Ricardo Miguel Mora"]
[Black "Barata, Pedro Miguel Ramiao"]
[Result "1-0"]
[WhiteElo "1950"]
[BlackElo "2160"]
[PlyCount "41"]
[EventDate "2006.??.??"]
[EventType "swiss"]
[EventRounds "9"]
[EventCountry "POR"]
[SourceTitle "EXT 2008"]
[Source "ChessBase"]
[SourceDate "2007.11.25"]
[SourceVersion "1"]
[SourceVersionDate "2007.11.25"]
[SourceQuality "1"]

1. Nf3 Nf6 2. g3 d5 3. Bg2 Nc6 4. 0-0 e5 5. d3 Bd6 6. Nbd2 0-0 7. e4 dxe4 8. dxe4 Bg4 9. c3 Qd7 10. Qc2 Rad8 11. Nc4 Be6 12. Ne3 h6 13. Nh4 Ng4 14. Nef5 Bc5 15. Qe2 Nf6 16. Qf3 Nh7 17. Bxh6 gxh6 18. Qg4+ Ng5 19. Nxh6+ Kh7 20. Qh5 f6 21. Nf7+ 1-0

[Event "POR-chB"]
[Site "Vila Real"]
[Date "2005.08.09"]
[Round "7"]
[White "Sousa, Ricardo Miguel Mora"]
[Black "Viela, Andre Filipe Folha"]
[Result "1-0"]
[WhiteElo "1939"]
[BlackElo "2067"]
[PlyCount "85"]
[EventDate "2005.08.03"]
[EventType "swiss"]
[EventRounds "9"]
[EventCountry "POR"]
[SourceTitle "CBM 107 Extra"]
[Source "ChessBase"]
[SourceDate "2005.09.01"]
[SourceVersion "1"]
[SourceVersionDate "2005.09.01"]
[SourceQuality "1"]

1. Nf3 Nf6 2. g3 d6 3. Bg2 c6 4. 0-0 e5 5. d3 Nbd7 6. Nbd2 Be7 7. e4 0-0 8. Nc4 Re8 9. Ne3 Bf8 10. Nh4 b5 11. Qe1 Be7 12. Nhf5 g6 13. Nxe7+ Qxe7 14. a4 bxa4 15. Rxa4 Nb6 16. Ra1 d5 17. b3 Qc5 18. Bd2 Qd6 19. Ra5 d4 20. Nd1 Nfd7 21. f4 f6 22. h4 Nf8 23. Nf2 Be6 24. Bh3 Bxh3 25. Nxh3 Qd7 26. f5 gxf5 27. Rxf5 Ng6 28. Qf1 Re6 29. Bh6 Qe7 30. Qf3 Nd7 31. h5 Ngf8 32. Kh2 Rd6 33. Ra1 Ne6 34. g4 Kh8 35. g5 Ng7 36. Bxg7+ Qxg7 37. Rg1 Qe7 38. g6 Rg8 39. Ng5 hxg6 40. hxg6 Kg7 41. Nf7 Re6 42. Qh5 Kf8 43. g7+ 1-0

[Event "POR-chB"]
[Site "Vila Real"]
[Date "2005.08.04"]
[Round "2"]
[White "Martins, Manuel Jose Lopes"]
[Black "Sousa, Ricardo Miguel Mora"]
[Result "1-0"]
[WhiteElo "2133"]
[BlackElo "1939"]
[PlyCount "45"]
[EventDate "2005.08.03"]
[EventType "swiss"]
[EventRounds "9"]
[EventCountry "POR"]
[SourceTitle "CBM 107 Extra"]
[Source "ChessBase"]
[SourceDate "2005.09.01"]
[SourceVersion "1"]
[SourceVersionDate "2005.09.01"]
[SourceQuality "1"]

1. e4 d6 2. d4 Nf6 3. Nd2 g6 4. Ngf3 Bg7 5. c3 0-0 6. Bd3 Nbd7 7. 0-0 e5 8. Re1 Re8 9. Nf1 c6 10. Bg5 Qc7 11. Qd2 Nf8 12. h3 Ne6 13. Be3 Nh5 14. Bc2 Nef4 15. Ng3 Bh6 16. Kh2 Qd7 17. Ng1 Kh8 18. dxe5 Rxe5 19. Nxh5 Rxh5 20. Bxf4 g5 21. Be3 c5 22. Qd5 Bg7 23. Bd1 1-0